Normal view
MARC view
Entry Topical Term
001 - CONTROL NUMBER
- control field: 5413
003 - CONTROL NUMBER IDENTIFIER
- control field: AM-YEHGA
005 - DATE AND TIME OF LATEST TRANSACTION
- control field: 20250617070459.0
008 - FIXED-LENGTH DATA ELEMENTS
- fixed length control field: 140530|g|a||||aabn f| a|a ||
040 ## - CATALOGING SOURCE
- Original cataloging agency: AM-YEHGA
150 ## - HEADING--TOPICAL TERM
- Topical term or geographic name entry element: Հայ մանկական գրականություն
450 ## - SEE FROM TRACING--TOPICAL TERM
- Topical term or geographic name entry element: Մանկական գրականություն, Հայ
450 ## - SEE FROM TRACING--TOPICAL TERM
- Topical term or geographic name entry element: Հայկական մանկական գրականություն
450 ## - SEE FROM TRACING--TOPICAL TERM
- Topical term or geographic name entry element: Armenian children’s literature
450 ## - SEE FROM TRACING--TOPICAL TERM
- Topical term or geographic name entry element: Children’s literature, Armenian
450 ## - SEE FROM TRACING--TOPICAL TERM
- Topical term or geographic name entry element: Armenische Kinderliteratur
450 ## - SEE FROM TRACING--TOPICAL TERM
- Topical term or geographic name entry element: Littérature arménienne pour enfants
550 ## - SEE ALSO FROM TRACING--TOPICAL TERM
- Control subfield: g
- Topical term or geographic name entry element: Հայ գրականություն
670 ## - SOURCE DATA FOUND
- Source citation: Զորյան, Ստեփան Եղիայի, Հազարան բլբուլ , 1925.
ՀՀ Գիտությունների ազգային ակադեմիայի հիմնարար գիտական գրադարան = Fundamental Scientific Library of NAS RA
All site content, except where otherwise noted, is licensed under a